00837nam a2200205Ia 4500003000900000008004100009040001600050080002500066245017800091260004500269300001400314650003500328650003400363650004100397700003100438700002800469942000700497999001500504952011200519IN-BaIIA211028s9999 xx 000 0 eng d cIIA Library a520.8(082.2)bESO-78 0aModern techniques in astronomical photographybproceedings of the ESO workshop held in Geneva, Switzerland from 16th - 18th May 1978cedited by R. M. West and J. L. Heudier. aFRGbEuropean Southern Observatoryc1978 axv, 304p. aAstronomical photography95571 aAstronomical techniques91786 aAstronomy and astrophysics thesaurus aHeudier, J. L., ed.910108 aWest, R. M., ed.910109 cBK c5835d5835 00104070aBANbBANcGENd1978-06-14l0o520.8(082.2)/ ESO-78p6527r2021-11-05w1978-06-14yBKGDFL 16.00